|
|
|
|
| LEADER |
00000nas a22000001a 4500 |
| 001 |
vtls010298560 |
| 003 |
SK-MaSNL |
| 005 |
20260228163427.0 |
| 008 |
110809d19201920xo wr p | 0 b0slo |
| 040 |
|
|
|a SNK
|b slo
|c SNK
|e AACR2
|
| 041 |
0 |
|
|a slo
|
| 044 |
|
|
|a xo
|c SK
|
| 080 |
|
|
|a 32
|2 2001
|
| 080 |
|
|
|a 316.728
|2 2001
|
| 245 |
0 |
0 |
|a Slovenský juh
|b politický časopis : úradný časopis novohradskej župy
|
| 260 |
|
|
|a Lučenec
|b [Slovenská národná a roľnícka strana]
|c 1920
|
| 300 |
|
|
|a 1 roč.
|c 42 x 29 cm
|
| 310 |
|
|
|a 1x týždenne
|
| 362 |
0 |
|
|a Roč. II, č. 6 (14.3.1920)-č. 34 (2.12.1920)
|
| 500 |
|
|
|a Zmena podnázvu: od 29/II (I.) (21. okt. 1920) Politický časopis novohradskej župy; od 30/II (I.) (28. okt. 1920) Úradný časopis novohradskej Župy. Politický časopis
|
| 500 |
|
|
|a Vych. v Lučenci každý štvrtok
|
| 500 |
|
|
|a Red. Koloman Bazovský
|
| 500 |
|
|
|a Vyd. [Slovenská národná a roľnícka strana]
|
| 500 |
|
|
|a Tlač. Kníhtlačiarsky závod Dvořák a Vacek; od 26/II (I.) (30. sept. 1920) Umelecký kníhtlačiarsky závod Karola Vigha
|
| 500 |
|
|
|a Vyšiel 14. marca 1920. Zanikol 2. decembra 1920
|
| 505 |
8 |
0 |
|g Roč. II. (I.) 1920 [čís. 6-34] po 4-6 s.
|
| 520 |
|
|
|a Orgán Slovenskej národnej a roľníckej strany
|
| 580 |
|
|
|a Vyšiel 14. marca 1920 ako pokračovanie časopisu Novohradská stráž
|
| 610 |
2 |
7 |
|a Slovenská národná a roľnícka strana
|9 165927
|
| 650 |
0 |
7 |
|a politika
|2 SNKPH
|9 968
|
| 650 |
0 |
7 |
|a verejný a spoločenský život
|2 SNKPH
|9 265569
|
| 651 |
|
7 |
|a Novohradská župa (Uhorsko)
|9 273976
|
| 655 |
|
7 |
|a regionálne časopisy
|2 SNKPH
|9 265646
|
| 655 |
|
7 |
|a politicko-spoločenské časopisy
|2 SNKPH
|9 269072
|
| 655 |
|
7 |
|a časopisy politických strán a hnutí
|2 SNKPH
|9 237919
|
| 700 |
1 |
|
|a Bazovský, Koloman,
|d 1866-1950
|4 red
|9 64787
|
| 710 |
2 |
|
|a Slovenská národná a roľnícka strana (Lučenec)
|4 pbl
|9 273977
|
| 710 |
2 |
|
|a Dvořák a Vacek (Lučenec)
|4 prt
|9 273978
|
| 710 |
0 |
|
|a Vigh, Karol (Lučenec)
|4 prt
|9 271879
|
| 780 |
0 |
0 |
|t Novohradská stráž
|
| 999 |
|
|
|c 9402
|d 11332
|
| 952 |
|
|
|0 0
|1 0
|4 0
|7 0
|8 5
|a SNK
|b SNK
|d 2007-10-11
|i snkF 9134/78
|l 0
|o snkČSA 1010/2/1920
|p 17A0565073
|r 2026-02-21 20:29:06
|t č. 1-34, neúplný
|w 2026-02-21
|y PREZ
|z Chýba č. 1-5, 7, 14
|